000 00424nam a22001817a 4500
005 20200607150857.0
008 200607b xxu||||| |||| 00| 0 eng d
020 _a978-81-7473-177-7
041 _aeng
082 _a615.1072
100 _aNEGI, DR K.S.
_95664
245 _aBIOSTATISTICS
250 _a3RD ED.
260 _aDELHI
_bAITBS PUBLISHERS, INDIA
300 _a317;p
650 _aPHARMACY
_95846
942 _cBK
999 _c6911
_d6909